Výskyt rezistentných baktérií v potravinách určených na priamu spotrebu

Gespeichert in:
Bibliographische Detailangaben
1. Verfasser: Franko, Tomáš (Verfasst von)
Weitere Verfasser: Bírošová, Lucia (Betreuung Doktorarbeit)
Format: Manuskript Buch
Sprache:Slowakisch
Veröffentlicht: 2020
Schlagworte:
Online-Zugang:http://is.stuba.sk/zp/portal_zp.pl?podrobnosti=150717
Tags: Tag hinzufügen
Keine Tags, Fügen Sie das erste Tag hinzu!

MARC

LEADER 00000ntm a22000003a 4500
001 stuzp78572
003 SK-STU
005 20200627210355.8
007 ta
008 150427s2015----xo-----f-mn---000-0-slo-d
040 |a STU  |b slo 
041 0 |a slo 
100 1 |a Franko, Tomáš  |u 040270  |k Z4  |4 aut  |U FCHPT Ústav potravinárstva a výživy  |T FCHPT Oddelenie výživy a hodnotenia kvality potravín  |X 63667  |U C0270  |Y 686  |7 63667 
242 0 1 |a Occurrence of antibiotic resistant bacteria in ready-to-eat food  |y eng 
245 1 0 |a Výskyt rezistentných baktérií v potravinách určených na priamu spotrebu 
260 |c 2020 
650 4 |a sushi  |2 slo 
650 4 |a koliformné baktérie  |2 slo 
650 4 |a rezistencia  |2 slo 
650 4 |a poké  |2 slo 
650 4 |a ovocie a zelenina  |2 slo 
650 4 |a poke  |2 eng 
650 4 |a fruits and vegetables  |2 eng 
650 4 |a sushi  |2 eng 
650 4 |a coliform bacteria  |2 eng 
650 4 |a resistance  |2 eng 
700 1 |a Bírošová, Lucia  |u 040270  |k Z1  |4 ths  |U FCHPT Ústav potravinárstva a výživy  |T FCHPT Oddelenie výživy a hodnotenia kvality potravín  |X 10260  |U C0270  |Y 686  |7 A000010260 
856 4 |u http://is.stuba.sk/zp/portal_zp.pl?podrobnosti=150717